Calculus of fractions and homotopy theory /

Guardado en:
Autor Principal: Gabriel, Peter, 1933-
Otros Autores: Zisman, Michel.
Formato: Libro
Idioma:English
Publicado: Berlin ; New York : Springer-Verlag, 1967.
Series:Ergebnisse der Mathematik und ihrer Grenzgebiete ; Bd. 35
Materias:
Etiquetas: Agregar Etiqueta
Sin Etiquetas, Sea el primero en etiquetar este registro!
LEADER 00801cam a22002411a 4500
001 MAT.inmabb005745
008 740514s1967####wb#######b####000#0#eng##
005 20130301153816.0
245 1 0 |a Calculus of fractions and homotopy theory /  |c [by] P. Gabriel and M. Zisman. 
260 |a Berlin ;  |a New York :  |b Springer-Verlag,  |c 1967. 
300 |a x, 168 p. ;  |c 24 cm. 
440 0 |a Ergebnisse der Mathematik und ihrer Grenzgebiete ;  |v Bd. 35 
504 |a Bibliografía: p. 163-164. 
510 4 |a MR,  |c 35 #1019 
100 1 |a Gabriel, Peter,  |d 1933- 
700 1 |a Zisman, Michel. 
650 0 |a Homology theory. 
650 0 |a Homotopy theory. 
650 0 |a Categories (Mathematics) 
084 |a 55Uxx (18Gxx)  |2 msc2000 
010 |a  67010470  
040 |a DLC  |c DLC  |d DLC 
859 |h 55  |i G118  |p A-2964  |b BIB. MATEMATICA